[Event "Winter Chess Classic-B 2018"]
[Site "Saint Louis"]
[Date "2018.11.13"]
[Round "10"]
[White "Andriasian, Zaven"]
[Black "Mikhalevski, Victor"]
[Result "0-1"]
[WhiteElo "2603"]
[BlackElo "2574"]
[Annotator "TA"]
[PlyCount "120"]
[EventDate "2018.11.05"]
[EventType "tourn"]
[EventCountry "USA"]
[SourceTitle "playchess.com"]
[Source "ChessBase"]
[SourceQuality "1"]

{[%evp 14,120,19,-15,28,36,30,4,10,0,2,0,0,1,0,0,0,-10,-6,0,0,-31,-43,-83,0,-64,0,-51,21,27,30,11,43,17,29,0,0,0,87,105,120,129,219,132,156,153,183,171,155,114,148,117,109,15,61,20,181,0,112,-326,-341,-257,0,0,4,7,0,0,0,0,0,0,0,-8,13,0,34,0,7,-348,-322,-430,-379,-572,-505,-638,-636,-627,-618,-581,-476,-489,-489,-618,-620,-1122,-1062,-1191,-1125,-1127,-1126,-1064,-1049,-2704,-2609,-29975,-29977,-29985,-29978]} 1. e4 c5 2. Nc3 d6 3. g3 g6 4. Bg2 Bg7 5. d3 Nc6 6. Be3 e5 7. Qd2 Nge7 8. h4 {[%cal Bh2h4,Bh4h5][%mdl 32] LiveBook: 21 Games} Nd4 {B26: Closed Sicilian: 3 g3, lines with early Be3} (8... h5 9. f4 Nd4 10. Nd1 d5 11. c3 Ne6 12. Nf3 d4 13. Bg1 Nc6 14. c4 f6 15. Nf2 Bh6 16. Nh3 {½-½ (57) Granda Zuniga,J (2667)-Wojtaszek,R (2734) Baku 2015}) 9. h5 Bg4 10. f3 Be6 {The position is equal.} 11. Nce2 $146 ({Predecessor:} 11. Nd1 Qd7 12. h6 Bf6 13. c3 Ndc6 14. Ne2 O-O-O 15. Nf2 Rhf8 16. O-O {1-0 (48) Solak,D (2504)-Csiszar,C (2370) Interlaken 2001}) 11... d5 12. c3 Nxe2 13. Nxe2 d4 14. cxd4 cxd4 15. Bh6 Bf6 {White must now prevent ...Ng8.} 16. f4 Nc6 17. Bf3 Be7 18. O-O f6 (18... Rg8 $1 $17) 19. Rac1 (19. Bg7 $1 $11 Rg8 20. h6) 19... Qd7 (19... Rg8 $1 $15) 20. a3 (20. Rxc6 $11 bxc6 21. fxe5 fxe5 22. Bg7) 20... a5 (20... Rg8 $15) 21. Bg7 $11 Rg8 22. h6 $1 a4 23. Bg2 Na5 {And now ...Nb3 would win.} 24. fxe5 fxe5 25. Qe1 Bg5 (25... Qb5 $11 {remains equal.}) 26. Bxe5 {Threatens to win with Rc7.} Bxc1 27. Qxc1 Nc6 (27... Rc8 $16 28. Qd2 Qb5 29. Bxd4 (29. Nxd4 Qxe5 30. Nxe6 Nb3 $15) 29... Nb3) 28. Bf6 Rf8 29. e5 $1 Bd5 30. Bxd5 $1 Qxd5 31. Nf4 Qb5 32. Qe1 {[%mdl 1024] White has strong compensation.} Kd7 33. Qe2 (33. Qe4 $1 $16 Rae8 34. e6+ Kd6 35. Nxg6 $1 {[%mdl 512]} (35. Bg7 Rf5 $11) 35... Rxf6 36. Rxf6) 33... Rfe8 {[%cal Rc6e5]} 34. e6+ Kc7 $2 (34... Kd6 $1 $11 {and Black is okay.}) 35. Kh2 $2 ({White should play} 35. e7 $18) 35... Qf5 (35... Rf8 $1 $11 {keeps the balance.} 36. Bg7 Rfe8) 36. Nh3 $2 {[%mdl 8192]} (36. e7 $16 {stays on course. Strongly threatening Ne6+.} Kd7 37. Nh3) 36... Rxe6 $19 ({Less strong is} 36... Qxe6 37. Qxe6 Rxe6 38. Ng5 $17) 37. Qd1 Qh5 $2 ({Weaker is} 37... Rxf6 38. Rxf5 Rxf5 39. g4 $15) (37... Qb5 $19 38. Rf2 Rae8) 38. Qxh5 $11 gxh5 39. Ng5 Re2+ 40. Kh3 Ne5 41. Bxe5+ $1 Rxe5 {[%mdl 4096] Endgame KRR-KRN} 42. Rf7+ Kc6 43. Kh4 Rg8 44. Rg7 Rf8 {...Rf2 is the strong threat.} 45. Nxh7 Rf1 {[%cal Rf1h1]} 46. Kh3 $2 {[%mdl 8192] [#]} (46. Ng5 $11 Rh1+ 47. Nh3) 46... Re6 $1 $19 47. Ng5 ({Don't play} 47. Kg2 Rf5) 47... Rxh6 48. Ne4 (48. Nf7 $142 Rhf6 49. Nd8+ Kc5 50. Rc7+ Kd6 51. Rc4) 48... Rb1 49. Rg8 Rxb2 50. Rc8+ Kb6 51. Rc4 Rb3 52. Rxa4 Rxd3 53. Rb4+ Kc6 54. a4 Re6 55. Ng5 Ree3 56. Kh4 Rxg3 57. Nf7 Rge3 58. Kxh5 Rd1 59. Kg4 Rg1+ 60. Kh4 d3 {Precision: White = 38%, Black = 50%.} 0-1

[Event "Winter Chess Classic-B 2018"]
[Site "Saint Louis"]
[Date "2018.11.13"]
[Round "11"]
[White "Mikhalevski, Victor"]
[Black "Andriasian, Zaven"]
[Result "0-1"]
[WhiteElo "2574"]
[BlackElo "2603"]
[Annotator "TA"]
[PlyCount "94"]
[EventDate "2018.11.05"]
[EventType "tourn"]
[EventCountry "USA"]
[SourceTitle "playchess.com"]
[Source "ChessBase"]
[SourceQuality "1"]

{[%evp 17,94,-8,-9,0,0,0,21,-52,40,15,16,12,24,27,40,45,39,39,47,61,93,83,100,67,91,69,74,68,74,0,0,0,0,0,0,-56,-56,-43,-34,-71,-21,-69,-68,-97,-92,-93,-88,-98,-82,-155,-79,-68,-78,-82,-75,-82,-62,-114,-105,-120,0,-85,0,-117,-114,-116,-115,-214,-202,-805,-802,-800,-784,-785,-777,-1035,-1035,-1008,-1008]} 1. d4 g6 2. Nf3 Bg7 3. g3 d6 4. Bg2 Nf6 5. b3 O-O 6. Bb2 Nbd7 {[%cal Bb8d7,Bd7e5,Be5d3][%mdl 32]} 7. O-O Re8 8. c4 c6 9. Nbd2 e5 10. e4 {A49: 1 d4 Nf6 2 Nf3 g6 3 g3: Anti-King's Indian systems} exd4 11. Bxd4 Ne5 12. Qc2 (12. Re1 $11) 12... Qe7 (12... Nxe4 $15 13. Bxe5 Nxd2 14. Bxg7 Nxf3+ 15. Bxf3 Kxg7) 13. Rfe1 Nfd7 $146 ({Predecessor:} 13... b6 14. h3 Bb7 15. Nxe5 dxe5 16. Be3 Nd7 17. Rad1 Nc5 {1-0 (33) Rondon Chacon,R-Marichal Gonzalez,A (2288) Porlamar 2011}) 14. Rad1 a5 15. Bc3 Nc5 16. Nd4 Ned3 17. Re3 Ne5 18. h3 h5 19. f4 Ned7 20. N4f3 Qf8 21. Rde1 Bxc3 22. Qxc3 Qg7 23. e5 (23. Qc2 $16) 23... dxe5 $11 24. Nxe5 Nxe5 25. Rxe5 Be6 26. Nb1 (26. Qe3 $11 Nd7 27. Re4) 26... Nd7 $15 27. R5e3 Red8 28. Qxg7+ Kxg7 29. Nc3 Nc5 30. Bf1 Rd2 31. R1e2 Rad8 32. Rf2 R2d4 33. Re5 {[#]} (33. Kg2 $142) 33... b6 (33... Nd3 $142 $1 {[%cal Rd3f2]} 34. Bxd3 Rxd3) 34. Re3 $17 R8d7 35. Bg2 R7d6 36. Bf1 Bf5 37. Rff3 ({White should try} 37. h4 $15) 37... Rd2 38. Rf2 R2d4 39. Rff3 $1 Rd2 40. Rf2 Rxf2 41. Kxf2 Rd2+ 42. Re2 (42. Ke1 $17 Rc2 43. Be2) 42... Rd3 $19 43. Re3 $2 {[#]} (43. Na4 Nxa4 44. bxa4) 43... Rxc3 $1 {[%mdl 512] Black is clearly winning.} 44. Rxc3 Ne4+ 45. Ke3 Nxc3 46. a4 c5 47. Bg2 Na2 {Precision: White = 36%, Black = 51%.} 0-1

[Event "Winter Chess Classic-B 2018"]
[Site "Saint Louis"]
[Date "2018.11.13"]
[Round "12"]
[White "Mikhalevski, Victor"]
[Black "Andriasian, Zaven"]
[Result "0-1"]
[WhiteElo "2574"]
[BlackElo "2603"]
[Annotator "TA"]
[PlyCount "96"]
[EventDate "2018.11.05"]
[EventType "tourn"]
[EventCountry "USA"]
[SourceTitle "playchess.com"]
[Source "ChessBase"]
[SourceQuality "1"]

{[%evp 12,96,33,22,33,33,39,35,37,41,37,38,41,33,39,28,35,10,29,0,0,0,0,0,10,0,0,0,14,12,14,14,14,0,14,10,14,14,14,14,21,14,21,21,30,0,27,0,17,11,20,-33,0,-2,6,0,6,0,12,0,0,0,0,-26,-20,-25,0,-20,0,0,0,9,24,0,16,-22,0,-321,-300,-313,-308,-429,-327,-598,-609,-612,-610]} 1. d4 d5 2. c4 c6 3. cxd5 cxd5 4. Bg5 h6 (4... Nf6 5. Bxf6 gxf6 6. Nc3 e6 7. e3 Nd7 8. Bd3 f5 9. h3 h5 10. h4 Nf6 11. Nge2 Bd6 {0-1 (32) Mamedyarov,S (2808)-Aronian,L (2764) Paris 2018}) 5. Bh4 Nc6 6. Nc3 {D10: Slav Defence: 3 cxd5 (without early Nf3) and 3 Nc3} Nf6 7. Bxf6 {LiveBook: 5 Games} gxf6 8. e3 {White is slightly better.} e6 9. Nf3 Bd7 10. Be2 f5 $146 ({Predecessor:} 10... Bg7 11. O-O O-O {½-½ (27) Abasov,N (2575)-Rasulov,V (2504) Istanbul 2017}) 11. O-O Bd6 12. g3 O-O 13. Rc1 Rc8 14. a3 Qe7 15. Ne1 Na5 16. Nd3 Nc4 17. Bf3 b5 18. Ne2 a5 19. Kh1 a4 20. Rg1 Kh8 21. Nef4 Rg8 22. Qe2 Qf6 23. Bg2 Rb8 24. Nb4 Rbc8 25. Nfd3 Qg5 26. Bf3 Kh7 27. Na6 Qe7 28. Nac5 Rb8 29. Rg2 Rg7 30. Rcg1 Rbg8 31. Qe1 ({White should try} 31. Na6 $11) 31... Be8 (31... Bxc5 $5 32. dxc5 Bc6 $11) 32. Qc3 Qf6 33. Qc2 Kh8 34. Nb7 Bb8 35. Qc3 Qe7 36. Nbc5 Bd6 37. Be2 Bc6 38. Bf3 Be8 39. Rd1 Bc6 40. Na6 Be8 41. Nab4 Bd7 42. Rdg1 Rc8 {[#] White must now prevent ...Nxe3!} 43. Nc5 Rcg8 44. Bxd5 $2 {[%mdl 8192]} (44. Ncd3 $11 {and White is okay.}) 44... Bxc5 $19 ({Not} 44... exd5 45. Nxd5 Qd8 46. Nxd7 $15) 45. dxc5 exd5 46. Nxd5 Qe5 47. Nf6 $2 {[#]} (47. Qxe5 Nxe5 48. Rd1) 47... Qxc3 48. bxc3 Bc6 {Precision: White = 32%, Black = 50%.} 0-1